000 00427nam a2200145Ia 4500
008 100122s9999 xx 000 0 und d
082 _b43418
_a823.08
100 _aगंडभीर ललिता
245 _aपश्चिमगंध
260 _bनीहारा प्रकाशन
_c1989
300 _a144
630 _aपश्चिमगंध
730 _aपश्चिमगंध
942 _cBOOK
999 _c423474
_d423471